|
|
|
|
| LEADER |
00000nam a2200000 a 4500 |
| 001 |
vtls008944102 |
| 003 |
SK-MaSNL |
| 005 |
20260302075625.0 |
| 008 |
070208s2006 lu oa d f 000 0 eng |
| 020 |
|
|
|a 9279019295 (brož.)
|
| 040 |
|
|
|a SNK
|b slo
|c SNK
|e AACR2
|
| 041 |
|
|
|a eng
|
| 044 |
|
|
|a lu
|c LU
|
| 072 |
|
7 |
|a 004
|x Počítačová veda. Výpočtová technika. Informačné technológie
|2 konspekt
|
| 080 |
|
|
|a 001.102:004.087
|2 2001
|
| 080 |
|
|
|a 004
|2 2001
|
| 080 |
|
|
|a 316.42:004
|2 2001
|
| 080 |
|
|
|a (036)
|2 2001
|
| 110 |
2 |
|
|a Európska komisia
|4 aut
|9 32145
|
| 245 |
1 |
0 |
|a Making sense of content - quality content for all
|c European Commission
|
| 260 |
|
|
|a Luxembourg
|b Office for Official Publications of the European Communities
|c 2006
|
| 300 |
|
|
|a 35 s.
|b ilustr., fotogr.
|c 21 cm
|
| 650 |
0 |
7 |
|a digitálny obsah
|2 SNKPH
|9 186066
|
| 650 |
0 |
7 |
|a informačné technológie
|2 SNKPH
|9 1527
|
| 650 |
0 |
7 |
|a informačná spoločnosť
|2 SNKPH
|9 1237
|
| 655 |
|
7 |
|a informačné publikácie
|2 SNKPH
|9 70181
|
| 919 |
|
|
|a 92-79-01929-5
|
| 999 |
|
|
|c 1169946
|d 1171876
|
| 952 |
|
|
|a SNK
|b SNK
|y VYP
|7 0
|p 17A0509256
|o snkIC 134602
|i snk2007/3774
|8 1
|0 0
|1 0
|4 0
|d 2007-02-08
|l 0
|r 2026-02-24 21:00:52
|w 2026-02-24
|